Application of Symmetry Methods (Record no. 30058)

000 -LEADER
fixed length control field 00526 a2200145 4500
003 - CONTROL NUMBER IDENTIFIER
control field NUST
005 - DATE AND TIME OF LATEST TRANSACTION
control field 20180118121902.0
008 - FIXED-LENGTH DATA ELEMENTS--GENERAL INFORMATION
fixed length control field 180118b xxu||||| |||| 00| 0 eng d
022 ## - INTERNATIONAL STANDARD SERIAL NUMBER
International Standard Serial Number Nil
082 ## - DEWEY DECIMAL CLASSIFICATION NUMBER
Classification number 530.15
100 ## - MAIN ENTRY--PERSONAL NAME
Personal name QAD
9 (RLIN) 8695
245 ## - TITLE STATEMENT
Title Application of Symmetry Methods
Remainder of title Proceedings of the workshop held from October 15-17, 2002 at Quaid-i-Azad University, Islamabad
Statement of responsibility, etc. Asghar Qadir and Khalid Saifullah
260 ## - PUBLICATION, DISTRIBUTION, ETC.
Place of publication, distribution, etc. Islamabad
Name of publisher, distributor, etc. National Centre for Physics, QAU, Islamabad
Date of publication, distribution, etc. National Centre for Physics, QAU, Islamabad
300 ## - PHYSICAL DESCRIPTION
Other physical details HB
600 ## - SUBJECT ADDED ENTRY--PERSONAL NAME
Personal name Qadir, Asghar
9 (RLIN) 8696
942 ## - ADDED ENTRY ELEMENTS (KOHA)
Institution code [OBSOLETE] SNS
Koha item type Book
Call number prefix 530.12 QAD
Source of classification or shelving scheme
Holdings
Withdrawn status Lost status Damaged status Not for loan Permanent Location Current Location Date acquired Total Checkouts Full call number Barcode Date last seen Price effective from Koha item type
        School of Natural Sciences (SNS) School of Natural Sciences (SNS) 05/26/2016   530.12 QAD SNS0000358 08/08/2019 05/26/2016 Book
© 2023 Central Library, National University of Sciences and Technology. All Rights Reserved.